Sổ tay hướng dẫn nuôi cá nước ngọt

Kaydedildi:
Detaylı Bibliyografya
Yazar: Nguyễn Duy khoát
Materyal Türü: Kitap
Dil:Undetermined
Baskı/Yayın Bilgisi: Hà Nội Nông nghiệp 1997
Konular:
Etiketler: Etiketle
Etiket eklenmemiş, İlk siz ekleyin!
Thư viện lưu trữ: Trung tâm Học liệu Trường Đại học Cần Thơ
LEADER 00521nam a2200181Ia 4500
001 CTU_38899
008 210402s9999 xx 000 0 und d
082 |a 639.31 
082 |b Kh411 
100 |a Nguyễn Duy khoát 
245 0 |a Sổ tay hướng dẫn nuôi cá nước ngọt 
245 0 |c Nguyễn Duy khoát 
260 |a Hà Nội 
260 |b Nông nghiệp 
260 |c 1997 
650 |a fishes 
904 |i Thanh, 970624 
980 |a Trung tâm Học liệu Trường Đại học Cần Thơ